Comédias (Record no. 182954)

MARC details
000 -LÍDER
campo de controle de tamanho fixo 00310 a2200157 4500
001 - NÚMERO DE CONTROLE
campo de controle 182954
020 ## - ISBN - INTERNATIONAL STANDARD BOOK NUMBER
ISBN - International Standard Book Number 850071327-5
040 ## - FONTE DA CATALOGAÇÃO
Instituição que transcreveu o registro Magnum
100 ## - ENTRADA PRINCIPAL--NOME PESSOAL
Nome pessoal Pena, Martins
240 10 - TÍTULO UNIFORME
Título uniforme Comédias
Idioma da obra por
245 10 - TÍTULO
Título Comédias
300 ## - DESCRIÇÃO FÍSICA
Extensão 349
440 #1 - DECLARAÇÃO DE SÉRIE/ENTRADA ADICIONADA--TÍTULO
Título Ediouro
697 ## - ENTRADA DE ASSUNTO LOCAL--ENTIDADE COLETIVA (RLIN)
Nome corporativo ou nome da jurisdição LITERATURA GERAL
942 ## - ELEMENTOS DE ENTRADA ADICIONADOS (KOHA)
Tipo de material Koha Livros
Holdings
Situação do descarte Situação das perdas Situação física Não pode ser emprestado Biblioteca de origem Biblioteca atual Data de aquisição Total de empréstimos Número de chamada completo Código de barras Data de último acesso Data do preço efetivo Tipo de material Koha
        Magnum Magnum 08/06/2024   869.4.303 MAG00035464 08/06/2024 08/06/2024 Livros